| 000 | 00501nam a2200193Ia 4500 | ||
|---|---|---|---|
| 005 | 20230412150226.0 | ||
| 008 | 131103s9999 xx 000 0 und d | ||
| 040 | _aLoreto College | ||
| 041 | _aEnglish | ||
| 082 |
_a823.09 _bTIL |
||
| 100 | _aTillyard, E. M. W. | ||
| 245 | 4 |
_aThe Epic strain _b in the English novel _cE. M. W. Tillyard |
|
| 260 |
_aLondon _bChatto & Windus _c1958 |
||
| 300 | _a207p. | ||
| 504 | _aIncludes index | ||
| 650 | _aEnglish novel | ||
| 850 | _aLCLIB | ||
| 942 | _cBK | ||
| 999 |
_c22378 _d72857 |
||